书目信息 |
| 题名: |
名医名家谈眼病
|
|
| 作者: | 李志辉 编著 | |
| 分册: | ||
| 出版信息: | 北京 农村读物出版社 1998 |
|
| 页数: | 161页 | |
| 开本: | 19cm | |
| 丛书名: | ||
| 单 册: | ||
| 中图分类: | R322.9 | |
| 科图分类: | ||
| 主题词: | 眼病--防治 , 眼病 , 人体形态学 | |
| 电子资源: | ||
| ISBN: | 7-5048-2846-7 | |
| 000 | 00754nam0 2200253 45 | |
| 001 | 01200620001 | |
| 005 | 20070110162015.48 | |
| 010 | @a7-5048-2846-7@dCNY9.50 | |
| 092 | @aCN@b501493 | |
| 100 | @a20060809d1998 em y0chiy0120 ea | |
| 101 | 0 | @achi |
| 102 | @aCN@b110000 | |
| 105 | @aa z 000yy | |
| 200 | 1 | @a名医名家谈眼病@Aming yi ming jia tan yan bing@f李志辉编著@Fli zhi hui bian zhu |
| 210 | @a北京@c农村读物出版社@d1998 | |
| 215 | @a161页@c图@d19cm | |
| 330 | @a本书以科普形式,从介绍眼睛的解剖结构和胜利功能入手,概括了分析常见眼病症状。 | |
| 606 | 0 | @a眼病@x防治 |
| 606 | 0 | @a眼病 |
| 606 | 0 | @a人体形态学 |
| 690 | @aR322.9@v4 | |
| 701 | 0 | @a李志辉@Ali zhi hui@4编著 |
| 801 | 0 | @aCN@bLZJBOOK@c20070110 |
| 905 | @a10447@dR322.9@e148 | |
| 名医名家谈眼病/李志辉编著.-北京:农村读物出版社,1998 |
| 161页:图;19cm |
| ISBN 7-5048-2846-7:CNY9.50 |
| 本书以科普形式,从介绍眼睛的解剖结构和胜利功能入手,概括了分析常见眼病症状。 |
| ● |
| 相关链接 |
|
|
|
|
正题名:名医名家谈眼病
索取号:R322.9/148
 
预约/预借
| 序号 | 登录号 | 条形码 | 馆藏地/架位号 | 状态 | 备注 |
| 1 | 0556681 | 205566813 | 第二样本阅览室/ [索取号:R322.9/148] | 在馆 | |
| 2 | 0556682 | 205566822 | 教育系资料室/ [索取号:R322.9/148] | 在馆 | |
| 3 | 0556683 | 205566831 | 教育系资料室/ [索取号:R322.9/148] | 在馆 | |
| 4 | 0556684 | 205566840 | 教育系资料室/ [索取号:R322.9/148] | 在馆 | |
| 5 | 0556685 | 205566859 | 第三借阅区/ [索取号:R322.9/148] | 在馆 | |
| 6 | 0556686 | 205566868 | 第三借阅区/ [索取号:R322.9/148] | 在馆 | |
| 7 | 0556687 | 205566877 | 教育系资料室/ [索取号:R322.9/148] | 在馆 | |
| 8 | 0556688 | 205566886 | 第三借阅区/ [索取号:R322.9/148] | 在馆 |